| 000 -LEADER |
| fixed length control field |
01852cam a2200421 i 4500 |
| 001 - CONTROL NUMBER |
| control field |
17449742 |
| 003 - CONTROL NUMBER IDENTIFIER |
| control field |
OSt |
| 005 - DATE AND TIME OF LATEST TRANSACTION |
| control field |
20160822133829.0 |
| 008 - FIXED-LENGTH DATA ELEMENTS--GENERAL INFORMATION |
| fixed length control field |
120831s2013 nyua 001 0 eng |
| 010 ## - LIBRARY OF CONGRESS CONTROL NUMBER |
| LC control number |
2012948435 |
| 020 ## - INTERNATIONAL STANDARD BOOK NUMBER |
| International Standard Book Number |
9780130984692 (pbk : acidfree paper) |
| 020 ## - INTERNATIONAL STANDARD BOOK NUMBER |
| Cancelled/invalid ISBN |
9780071795586 (basic e-book) |
| 020 ## - INTERNATIONAL STANDARD BOOK NUMBER |
| Cancelled/invalid ISBN |
9780071813907 (enhanced e-book) |
| 040 ## - CATALOGING SOURCE |
| Original cataloging agency |
DLC |
| Language of cataloging |
eng |
| Transcribing agency |
DLC |
| Description conventions |
rda |
| 042 ## - AUTHENTICATION CODE |
| Authentication code |
pcc |
| 050 00 - LIBRARY OF CONGRESS CALL NUMBER |
| Classification number |
QA273.W35 2002 |
| 100 1# - MAIN ENTRY--PERSONAL NAME |
| Personal name |
Walpole, Ronald E. |
| Relator code |
Ronald Walpole E. ...[et. al] |
| 245 10 - TITLE STATEMENT |
| Title |
Probability and statistics : For Engineers & Scientists |
| 250 ## - EDITION STATEMENT |
| Edition statement |
7th edition. |
| 260 ## - PUBLICATION, DISTRIBUTION, ETC. (IMPRINT) |
| Place of publication, distribution, etc |
New Jersey |
| Name of publisher, distributor, etc |
Prentice Hall |
| Date of publication, distribution, etc |
2002 |
| 300 ## - PHYSICAL DESCRIPTION |
| Extent |
xvi, 730 pages : |
| Other physical details |
illustrations ; |
| Dimensions |
28 cm. |
| 490 0# - SERIES STATEMENT |
| Series statement |
Schaum's outlines |
| 500 ## - GENERAL NOTE |
| General note |
Includes indexes. |
| 504 ## - BIBLIOGRAPHY, ETC. NOTE |
| Bibliography, etc |
include index |
| 505 0# - FORMATTED CONTENTS NOTE |
| Formatted contents note |
Part I: Probability -- Basic Probability -- Random Variables and Probability Distributions -- Mathematical Expectation -- Special Probability Distributions -- Part II: Statistics -- Sampling Theory -- Estimation Theory -- Tests of Hypotheses and Significance -- Curve Fitting, Regression, and Correlation -- Analysis of Variance -- Nonparametric Tests -- Bayesian Methods. |
| 520 ## - SUMMARY, ETC. |
| Summary, etc |
A study-guide to probability and statistics that includes coverage of course concepts and 897 fully solved problems. |
| 650 #0 - SUBJECT ADDED ENTRY--TOPICAL TERM |
| Topical term or geographic name as entry element |
Probabilities |
| Form subdivision |
Problems, exercises, etc. |
| 650 #0 - SUBJECT ADDED ENTRY--TOPICAL TERM |
| Topical term or geographic name as entry element |
Probabilities |
| Form subdivision |
Outlines, syllabi, etc. |
| 650 #0 - SUBJECT ADDED ENTRY--TOPICAL TERM |
| Topical term or geographic name as entry element |
Mathematical statistics |
| Form subdivision |
Problems, exercises, etc. |
| 650 #0 - SUBJECT ADDED ENTRY--TOPICAL TERM |
| Topical term or geographic name as entry element |
Mathematical statistics |
| Form subdivision |
Outlines, syllabi, etc. |
| 700 1# - ADDED ENTRY--PERSONAL NAME |
| Personal name |
Myer, Raymond H. |
| 700 1# - ADDED ENTRY--PERSONAL NAME |
| Personal name |
Myer, Sharon L. |
| 700 1# - ADDED ENTRY--PERSONAL NAME |
| Personal name |
Schervish J Mark |
| 906 ## - LOCAL DATA ELEMENT F, LDF (RLIN) |
| a |
7 |
| b |
cbc |
| c |
origcop |
| d |
2 |
| e |
epcn |
| f |
20 |
| g |
y-gencatlg |
| 942 ## - ADDED ENTRY ELEMENTS (KOHA) |
| Source of classification or shelving scheme |
|
| Koha item type |
Book |